All Municipalities of Vas County, Hungary on a Map - Statistics

General Stats
  • This quiz has been taken 282 times
  • The average score is 49 of 216
Answers on the Map
Answers color-coded by a green-red scale on the quiz's map according to % correct below.
 
Answer Stats
Answer % Correct
Kőszeg
100%
Szombathely
100%
Szentgotthárd
93%
Sárvár
81%
Körmend
79%
Celldömölk
77%
Bük
74%
Ják
70%
Pornóapáti
65%
Vasvár
65%
Őriszentpéter
63%
Répcelak
60%
Vép
58%
56%
51%
Felsőszölnök
51%
Rum
51%
Csepreg
49%
Alsószölnök
47%
Bucsu
47%
Velem
47%
Balogunyom
44%
Ostffyasszonyfa
44%
Szalafő
44%
Jánosháza
42%
Sótony
42%
Apátistvánfalva
40%
Ikervár
40%
Bajánsenye
37%
Cák
37%
Kisrákos
37%
Nick
37%
Orfalu
37%
Torony
37%
Vaskeresztes
37%
Chernelházadamonya
35%
Kőszegszerdahely
35%
Nagyrákos
35%
Dozmat
33%
Gór
33%
Káld
33%
Kőszegdoroszló
33%
Lukácsháza
33%
Velemér
33%
Boba
30%
Csákánydoroszló
30%
Csehi
30%
Csönge
30%
Egyházasrádóc
30%
Gyöngyösfalu
30%
Kám
30%
Narda
30%
Ölbő
30%
Szeleste
30%
Szentpéterfa
30%
Vassurány
30%
Bögöt
28%
Bozsok
28%
Csehimindszent
28%
Gencsapáti
28%
Katafa
28%
Kemenespálfa
28%
Kisunyom
28%
Nádasd
28%
Nagysimonyi
28%
Nemeskeresztúr
28%
Nemeskocs
28%
Olaszfa
28%
Ólmod
28%
Pankasz
28%
Pápoc
28%
Rábapaty
28%
Salköveskút
28%
Szakonyfalu
28%
Vasszécseny
28%
Gasztony
26%
Halastó
26%
Kétvölgy
26%
Magyarszecsőd
26%
Pinkamindszent
26%
Rátót
26%
Rönök
26%
Vasegerszeg
26%
Bozzai
23%
Felsőjánosfa
23%
Horvátzsidány
23%
Kemenesmagasi
23%
Kemenesmihályfa
23%
Magyarnádalja
23%
Magyarszombatfa
23%
Nárai
23%
Nemesmedves
23%
Nyőgér
23%
Őrimagyarósd
23%
Porpác
23%
Rábahídvég
23%
Vasalja
23%
Vasszentmihály
23%
Bérbaltavár
21%
Csempeszkopács
21%
Győrvár
21%
Horvátlövő
21%
Ivánc
21%
Kenéz
21%
Kenyeri
21%
Kercaszomor
21%
Mersevát
21%
Mesteri
21%
Perenye
21%
Rádóckölked
21%
Sorkifalud
21%
Szemenye
21%
Tanakajd
21%
Táplánszentkereszt
21%
Tormásliget
21%
Vámoscsalád
21%
Vát
21%
Hegyfalu
19%
Kemestaródfa
19%
Nagykölked
19%
Rábatöttös
19%
Egervölgy
16%
Hegyhátsál
16%
Hegyhátszentpéter
16%
Molnaszecsőd
16%
Püspökmolnári
16%
Sajtoskál
16%
Sorkikápolna
16%
Szaknyér
16%
Acsád
14%
Andrásfa
14%
Harasztifalu
14%
Hegyhátszentjakab
14%
Kissomlyó
14%
Kiszsidány
14%
Kőszegpaty
14%
Peresznye
14%
Rábagyarmat
14%
Vasasszonyfa
14%
Vönöck
14%
Bejcgyertyános
12%
Csánig
12%
Kemenessömjén
12%
Kemenesszentmárton
12%
Nemescsó
12%
Oszkó
12%
Pusztacsó
12%
Sitke
12%
Sorokpolány
12%
Vashosszúfalu
12%
Bögöte
9%
Daraboshegy
9%
Duka
9%
Egyházashetye
9%
Felsőcsatár
9%
Hegyháthodász
9%
Hegyhátszentmárton
9%
Karakó
9%
Keléd
9%
Kemeneskápolna
9%
Mesterháza
9%
Mikosszéplak
9%
Nemesrempehollós
9%
Pácsony
9%
Simaság
9%
Söpte
9%
Tokorcs
9%
Uraiújfalu
9%
Vasszilvágy
9%
Borgáta
7%
Egyházashollós
7%
Gérce
7%
Gersekarát
7%
Hosszúpereszteg
7%
Iklanberény
7%
Jákfa
7%
Köcsk
7%
Pecöl
7%
Szarvaskend
7%
Szergény
7%
Felsőmarác
5%
Ispánk
5%
Lócs
5%
Megyehíd
5%
Meszlen
5%
Nagymizdó
5%
Pósfa
5%
Sárfimizdó
5%
Tömörd
5%
Zsédeny
5%
Alsóújlak
2%
Csénye
2%
Csipkerek
2%
Csörötnek
2%
Döbörhegy
2%
Gyanógeregye
2%
Halogy
2%
Kerkáskápolna
2%
Kondorfa
2%
Magyarlak
2%
Nagytilaj
2%
Nemesbőd
2%
Nemesládony
2%
Petőmihályfa
2%
Répceszentgyörgy
2%
Szőce
2%
Telekes
2%
Tompaládony
2%
Vásárosmiske
2%
Viszák
2%
Zsennye
2%
Döröske
0%
Meggyeskovácsi
0%
Nagygeresd
0%
Nemeskolta
0%
Szatta
0%
No matching quizzes found
Score Distribution
Percent of People with Each Score
Percentile by Number Answered
Your Score History
You have not taken this quiz